Más allá de la interpretación

Сохранить в:
Библиографические подробности
Главный автор: Vattimo, Gianni (Автор)
Формат:
Язык:испанский
Опубликовано: Barcelona Paidós 1995
Серии:Colección Pensamiento Contemporáneo, 39
Предметы:
Метки: Добавить метку
Нет меток, Требуется 1-ая метка записи!

MARC

LEADER 00000nam a2200000 a 4500
001 UCP5590
003 CL-VaPUC
008 990927e19950000SP |||||||||||||||||spa|d
082 0 4 |a 121.68  |b VAT  |2 21 
100 0 |a Vattimo, Gianni  |e author  |9 434088 
245 1 0 |a Más allá de la interpretación 
300 |a 161 p 
942 |c BK 
945 |d 19990927 00:00:00  |a rbrito 
260 |a Barcelona  |b Paidós  |c 1995 
650 0 |a Hermenéutica  |9 269473 
650 0 |a Ontología   |9 256850 
650 0 |a Metafísica  |9 265649 
650 0 |a Nihilismo  |9 265670 
583 |a last modification  |c 19990927 00:00:00  |k Rodrigo Vera 
490 0 |a Colección Pensamiento Contemporáneo, 39 
999 |c 283317  |d 283315 
952 |0 0  |1 0  |4 0  |6 121_680000000000000_VAT_1995  |7 0  |8 A  |9 326288  |a BIBEDU  |b BIBEDU  |d 2019-11-20  |i 3559777  |o 121.68 VAT 1995  |p 3559777  |r 2019-11-20  |w 2019-11-20  |y BK  |k BME 
952 |0 0  |1 0  |4 0  |6 121_680000000000000_VAT_1995  |7 0  |8 A  |9 326289  |a FDOPOS  |b FDOPOS  |d 2019-11-20  |i 3708543  |o 121.68 VAT 1995  |p 3708543  |r 2025-01-22  |w 2019-11-20  |y BK  |k MLH